Drivers and impact of restaurant tipping behavior / (Record no. 20968)
[ view plain ]
| 000 -LEADER | |
|---|---|
| fixed length control field | 00800nam a22001817a 4500 |
| 005 - DATE AND TIME OF LATEST TRANSACTION | |
| control field | 20250827121120.0 |
| 008 - FIXED-LENGTH DATA ELEMENTS--GENERAL INFORMATION | |
| fixed length control field | 240828b ||||| |||| 00| 0 eng d |
| 082 ## - DEWEY DECIMAL CLASSIFICATION NUMBER | |
| Classification number | DPer 647.95 J826 January-December 2019 v. 22 n. 1-6 |
| 100 ## - MAIN ENTRY--PERSONAL NAME | |
| Personal name | Whaley, Jeremy E. |
| Relator term | author. |
| 9 (RLIN) | 59200 |
| 245 ## - TITLE STATEMENT | |
| Title | Drivers and impact of restaurant tipping behavior / |
| Statement of responsibility, etc. | Jeremy E. Whaley, Sun-Hwa Kim, and Youn-Kyung Kim. |
| 260 ## - PUBLICATION, DISTRIBUTION, ETC. (IMPRINT) | |
| Place of publication, distribution, etc. | Philadelphia ; |
| Name of publisher, distributor, etc. | Taylor & Francis Group , |
| Date of publication, distribution, etc. | March-April 2019. |
| 300 ## - PHYSICAL DESCRIPTION | |
| Extent | Volume 22, pages 117-131 : |
| Other physical details | illustration ; |
| Dimensions | 26 cm. |
| 500 ## - GENERAL NOTE | |
| General note | Journal of Foodservice Business Research, vol. 22, no. 2, pages 117-131, March-April 2019. |
| 700 ## - ADDED ENTRY--PERSONAL NAME | |
| Personal name | Whaley, Jeremy E. |
| Relator term | author. |
| 9 (RLIN) | 59200 |
| 700 ## - ADDED ENTRY--PERSONAL NAME | |
| Personal name | Kim, Sun-Hwa. |
| Relator term | author. |
| 9 (RLIN) | 59201 |
| 700 ## - ADDED ENTRY--PERSONAL NAME | |
| Personal name | Kim, Youn-Kyung. |
| Relator term | author. |
| 9 (RLIN) | 59202 |
| 942 ## - ADDED ENTRY ELEMENTS (KOHA) | |
| Source of classification or shelving scheme | Dewey Decimal Classification |
| Koha item type | Periodicals |
| Withdrawn status | Lost status | Source of classification or shelving scheme | Damaged status | Not for loan | Collection code | Home library | Current library | Date acquired | Total Checkouts | Full call number | Date last seen | Price effective from | Koha item type | Public note |
|---|---|---|---|---|---|---|---|---|---|---|---|---|---|---|
| Dewey Decimal Classification | Periodicals | UM Digos College - LIC | UM Digos College - LIC | 11/26/2024 | DPer 647.95 J826 January-December 2019 v. 22 n. 1-6 | 11/26/2024 | 11/26/2024 | Periodicals | Periodical Article |
